• 首页
  • 本馆介绍
  • 公告通知
  • 最新文献
  • 馆藏检索
  • 电子资源
  • 读者导购
  • 参考咨询
  • 我的图书馆
  • 登录
  • 期刊详细显示
  • 现刊情况显示
  • 合订本情况显示
  • 篇目信息显示

期刊信息

  • 表格格式
  • 工作单格式
  • 卡片格式
索取号 
I21/BH
题名 
百花
作者 
分册号 
分册名 
出版地 
西安
出版者 
该刊编辑部
标准刊号 
出版频率 
双月刊
中图法分类 
I2
主题词 
文学 作品集 中国
电子资源 
000 01154nas002200385 45
001 1196080140
005 20070321143725.10
011    @d¥3.90(1996)
021    @aCN@b陕西 57
091    @aCN@b61-1066
092    @aCN@b52-19
100    @a19930617a19849999m y0chiy0121 eb
101 0  @achi
102    @aCN@b610000
110    @aagaz 0yu0
200 1  @a百花@ABAI HUA@e文艺双月刊@EWEN YI SHUANG YUE KAN
207  0 @a1984,no.1(1984)~=总1~
210    @a西安@b陕西省西安市西七路169号(邮码710003)@c该刊编辑部@d1984~
215    @d26cm
300    @a继承:《群众文艺》(1957,1~1983)
300    @a1988年前副刊名:文艺月刊
300    @a1984年no.1封底总期号“总133”联接前刊
326    @a双月刊@b1988~
326    @a月刊@b1984~87
327 0  @a明星世界@a中篇纪实小说@a中篇传记小说@a中篇传奇小说@a中篇社会故事
541 1  @aNumerous flower@zeng
606 0  @a文学@x作品集@x中国
610 0  @a文学
676    @a895.1@v19
690    @aI2@v3
690    @aI21@v4
701  0 @a陈克振@ACHEN KE ZHEN@4主编
711 02 @a陕西省群众艺术馆@ASHAN XI SHENG QUN ZHONG YI SHU GUAN@4主办
801  0 @aCN@bPFT@c20070321
905    @a1@cQ@dI21@eBH
    
    百花:文艺双月刊.-1984,no.1(1984)~=总1~.-西安(陕西省西安市西七路169号(邮码710003)):该刊编辑部,1984~
    26cm
    继承:《群众文艺》(1957,1~1983).-1988年前副刊名:文艺月刊.-1984年no.1封底总期号“总133”联接前刊
    部分内容:明星世界;中篇纪实小说;中篇传记小说;中篇传奇小说;中篇社会故事
    ¥3.90(1996)
    
●
相关链接: 在易读查询期刊 在中国知网中查询期刊 在万方数据查询期刊 在维普查询期刊
唐山师范学院图书馆 欢迎您!
大连网信软件有限公司© 版权所有